| 000 | 00908nam1a22002291i 4500 | ||
|---|---|---|---|
| 001 | rc\91734 | ||
| 005 | 20260406160305.0 | ||
| 035 | _a(NLR Aleph) 005392106 | ||
| 090 |
_a7195785 _c7195785 |
||
| 100 | _a20021216d1992 u |0rusy50 ca | ||
| 101 | 0 | _arus | |
| 102 | _aRU | ||
| 105 | _ay ||||||||| | ||
| 200 | 1 |
_aФинансовое и налоговое право в России в 1992 г. _e[В 2 ч.] |
|
| 210 |
_aМ. _cБ. и. _d1992 |
||
| 215 | _d20 | ||
| 225 | 1 |
_aВ помощь предприятиям и гражданам _fРос. акад. предпринимательства. Центр развития предпринимательства "РЭМИ" |
|
| 712 | 0 | 2 |
_a"РЭМИ", центр развития предпринимательства _cМосква _3RU\NLR\AUTH\889931620 _9358665 |
| 801 | 0 |
_aRU _bNLR _gpsbo |
|
| 801 | 1 |
_aRU _bELAR _2rusmarc |
|
| 852 |
_aNLR _j92-3/3424 |
||
| 942 | _cBOOK | ||